| 000 | 01260cad a22002055a 4500 | ||
|---|---|---|---|
| 001 | E149658 | ||
| 008 | 100406s20100325xxk f 000 0 eng d | ||
| 020 | _a9781409823582 | ||
| 035 | _a(Sirsi) u149658 | ||
| 041 | 0 | _aeng | |
| 110 | 2 |
_aUnited Kingdom _bDepartment for Communities and Local Government _94939 |
|
| 245 | 0 | 0 |
_aNew policy document for planning obligations _bconsultation _h[electronic resource] |
| 260 |
_aLondon _bDCLG _c2010 |
||
| 520 | _aSeeks views on a new policy document on the use of planning obligations, which is needed due to the introduction of the Community Infrastructure Levy (CIL) and reforms to planning obligations. The new policy document will replace the Government's current policy contained in "Circular 5/05: Planning Obligations", and will form an annex to the new Development Management Planning Policy Statement, which was put out for consultation on 21 December 2009 (see L149066). | ||
| 590 | _aKA NTK | ||
| 651 | 4 |
_aEngland and Wales _y1543- |
|
| 690 | _aENVIRONMENTAL AND LAND CONSULTANCY-PLANNING AND DEVELOPMENT-PLANNING GUIDANCE | ||
| 856 | 4 | 0 |
_uhttps://www.communities.gov.uk/publications/planningandbuilding/planningobligationsconsultation _zView this item free of charge at www.communities.gov.uk |
| 942 | _n0 | ||
| 999 |
_c110586 _d110586 |
||